000 00613nam a2200217Ia 4500
005 20250508170043.0
008 008 250505s9999 xx 000 0 fre d
020 _a978-93-5338-839-3
037 _aTextual
040 _aFEDL
_beng
_cFEDL
041 _afre
_2eng
084 _a707, MUN
_qFEDL
100 _aMunshi K M
245 0 _aCreative art of life: Studies in education
260 _aMumbai, India
_bBharatiya Vidya Bhavan
_c2014
300 _aviii,94p.
365 _aINR
_b125
546 _aGifted by H O D Namita Ranganathan
942 _cTEXL
_h707, MUN
999 _c1398958
_d1398958